000 01090nam a22002057a 4500
999 _c62448
_d62448
003 Ge_BSU
005 20241105154844.0
008 241105s1995 ge ||||| |||| 00| 0 geo d
041 _ageo
080 _a616.1/4(075.8) გ-92
100 _aგუგეშაშვილი, შიო.
_923427
245 _aშინაგან დავადებათა პროპედევტიკა :
_b[სახელმძღვანელო სამედ. ინ-ტის სტუდენტებისათვის]. ნაწ. 2 /
_cშიო გუგეშაშვილი, რედ. დ. გორდელაძე.
250 _aმე-2 შევსებული გამოცემა.
264 _aთბილისი :
_bგანათლება,
_c1995.
300 _a552 გვ.:
_b22 სმ.
653 _aშინაგანი დაავადებების პროპედევტიკა
653 _aმედიცინა
700 _aგორდელაძე, დ
_eრედაქტორი
_923625
942 _2udc
_cBK